| 000 | 00542nam a2200169 i 4500 | ||
|---|---|---|---|
| 001 | 101594 | ||
| 003 | ES-MaACL | ||
| 005 | 20250801063029.0 | ||
| 007 | t| | ||
| 008 | 051020m19191927ag ||||1| spa d | ||
| 100 | 1 |
_aMedina, Vicente, _d1866-1937 _979718 |
|
| 245 | 1 | 0 |
_aColección de las obras completas / _cde Vicente Medina; editadas por el propio autor. |
| 260 |
_aRosario de Santa Fé : _b[s.n.], _c1919-1927 ( _fM. Pignolo y Hno.) |
||
| 300 |
_a26 v. ; _c17 cm. |
||
| 852 |
_aES-MaACL _jF-14004-27 |
||
| 999 |
_c101594 _d101594 |
||